[Event "Lichtenberger Sommer 2018"]
[Site "?"]
[Date "2018.08.20"]
[Round "3.101"]
[White "Morczynski, Ryszard"]
[Black "Caglar, Erdal"]
[Result "0-1"]
[WhiteElo "1284"]
[BlackElo "1486"]
[PlyCount "84"]
[EventDate "2018.??.??"]
[WhiteTeam "SK Zehlendorf"]
[BlackTeam "SW Lichtenrade"]

1. e4 e5 2. Nc3 Nf6 3. f4 Nc6 4. Bb5 d6 5. Bxc6+ bxc6 6. d4 exd4 7. Qxd4 c5 8.
Qd3 Bb7 9. Be3 Bc6 10. Nf3 Rb8 11. Rb1 Be7 12. O-O Rb4 13. Nd5 Bb5 14. Qa3 Bxf1
15. Kxf1 Rxe4 16. Qd3 Ra4 17. Qb5+ Qd7 18. Qb8+ Bd8 19. b3 Nxd5 20. bxa4 Nxe3+
21. Kf2 Ng4+ 22. Kg3 O-O 23. Qb2 Nh6 24. Qb3 Qg4+ 25. Kf2 Qxf4 26. g3 Ng4+ 27.
Kg2 Qf5 28. Rf1 Ne3+ 29. Qxe3 Qxc2+ 30. Rf2 Qxa4 31. Ng5 Re8 32. Qd3 Bxg5 33.
Qd5 Qe4+ 34. Qxe4 Rxe4 35. Rb2 Rb4 36. Rxb4 cxb4 37. Kf3 c5 38. Ke4 a5 39. Kd5
a4 40. Kc4 d5+ 41. Kxc5 b3 42. axb3 axb3 0-1

[Event "Lichtenberger Sommer 2018"]
[Site "?"]
[Date "2018.08.20"]
[Round "3.102"]
[White "Theilig, Reinhard"]
[Black "Eichstädt, Torsten"]
[Result "1/2-1/2"]
[WhiteElo "1598"]
[BlackElo "1361"]
[PlyCount "57"]
[EventDate "2018.??.??"]
[WhiteTeam "VfB Hermsdorf"]
[BlackTeam "SC Friesen Lichtenberg"]

1. Nf3 d5 2. c4 d4 3. g3 c5 4. Bg2 Nc6 5. d3 Nf6 6. O-O e6 7. Re1 Be7 8. Na3
O-O 9. Bf4 Nh5 10. Bd2 Nf6 11. Nc2 a5 12. a3 e5 13. e3 e4 14. dxe4 d3 15. Bc3
Nxe4 16. Ncd4 Nxc3 17. Nxc6 Ne2+ 18. Qxe2 bxc6 19. Qd2 Bf6 20. Rab1 a4 21. Red1
Be6 22. Qc1 Qb6 23. Ne1 Bg5 24. f4 Bf6 25. Nxd3 Bg4 26. Rd2 Bf5 27. Qf1 Rac8
28. Kh1 Rfe8 29. Re1 1/2-1/2

[Event "Lichtenberger Sommer 2018"]
[Site "?"]
[Date "2018.08.20"]
[Round "3.103"]
[White "Fricke, Janek Konrad"]
[Black "Dittrich, Hans-Jürgen"]
[Result "1-0"]
[WhiteElo "1485"]
[BlackElo "1307"]
[PlyCount "57"]
[EventDate "2018.??.??"]
[WhiteTeam "SV Empor Berlin"]
[BlackTeam "SC Eintracht Berlin"]

1. e4 e5 2. Nf3 Nc6 3. Bc4 Nf6 4. d3 h6 5. c3 Na5 6. Nxe5 Nxc4 7. Nxc4 Be7 8.
O-O O-O 9. Nbd2 d6 10. Nf3 Bg4 11. Ne3 Qd7 12. Nxg4 Nxg4 13. h3 Nf6 14. Nd4
Rfe8 15. Qf3 c6 16. Nf5 Bf8 17. Nxh6+ gxh6 18. Qxf6 Re6 19. Qf5 Rd8 20. Bf4 Bg7
21. Bg3 Rf6 22. Qxd7 Rxd7 23. Rae1 Re6 24. Re3 Be5 25. f4 Bg7 26. f5 Re8 27. f6
Bh8 28. Bh4 Re6 29. Rf4 1-0

[Event "Lichtenberger Sommer 2018"]
[Site "?"]
[Date "2018.08.20"]
[Round "3.104"]
[White "Hömke, Holger"]
[Black "Lange, Christoph"]
[Result "1-0"]
[WhiteElo "1578"]
[BlackElo "1268"]
[PlyCount "81"]
[EventDate "2018.??.??"]
[WhiteTeam "SK Zehlendorf"]
[BlackTeam "TSG Oberschöneweide"]

1. c4 Nf6 2. Nc3 d6 3. d4 g6 4. e4 Bg7 5. Nf3 O-O 6. Be2 Nbd7 7. h3 e5 8. d5
Nc5 9. Qc2 Bd7 10. Be3 Na6 11. O-O Qe7 12. a3 c5 13. Qd2 Rfe8 14. Rfb1 b6 15.
b4 Rab8 16. b5 Nc7 17. a4 a5 18. Bh6 Qf8 19. Bxg7 Qxg7 20. Rf1 Kf8 21. Bd3 h6
22. Nh2 Ke7 23. f4 exf4 24. Rxf4 Nh5 25. Rf3 Rh8 26. Raf1 Qd4+ 27. Kh1 Rbf8 28.
Ne2 Qe5 29. Qc3 Qxc3 30. Nxc3 Rh7 31. Ne2 Ng7 32. Nf4 Kd8 33. Nxg6 Rg8 34. Nh4
Be8 35. e5 dxe5 36. Bxh7 Rh8 37. Be4 Rf8 38. Nf5 Nxf5 39. Bxf5 f6 40. d6 Na8
41. Be4 1-0

[Event "Lichtenberger Sommer 2018"]
[Site "?"]
[Date "2018.08.20"]
[Round "3.105"]
[White "Motsch, Sebastian"]
[Black "Khalaf, Adnan"]
[Result "0-1"]
[WhiteElo "1292"]
[BlackElo "1585"]
[PlyCount "64"]
[EventDate "2018.??.??"]
[WhiteTeam "vereinslos"]
[BlackTeam "Läufer Reinickendorf"]

1. e4 Nc6 2. Nf3 d5 3. exd5 Qxd5 4. Nc3 Qh5 5. Be2 Bg4 6. h3 e6 7. Ne4 Bd6 8.
Nxd6+ cxd6 9. d3 Nge7 10. Be3 h6 11. Bf4 e5 12. Bh2 Bxf3 13. Bxf3 Qg5 14. O-O
f5 15. c3 Qf6 16. Qa4 g5 17. Rfe1 h5 18. g4 hxg4 19. hxg4 Qh6 20. Bxe5 dxe5 21.
Kf1 fxg4 22. Bxg4 Qd6 23. Qe4 Rf8 24. Ke2 Kd8 25. Qe3 Rf4 26. Bf3 g4 27. Be4
Kc7 28. Qg3 Raf8 29. Rf1 Qc5 30. f3 Qb5 31. b3 gxf3+ 32. Rxf3 Rxe4+ 0-1

[Event "Lichtenberger Sommer 2018"]
[Site "?"]
[Date "2018.08.20"]
[Round "3.106"]
[White "Korek, Jakob Alexander"]
[Black "Nguyen, Phuc Nhat"]
[Result "1-0"]
[WhiteElo "1498"]
[BlackElo "1255"]
[PlyCount "67"]
[EventDate "2018.??.??"]
[WhiteTeam "Königsjäger Süd-West"]
[BlackTeam "SC Zugzwang 95 (Berlin)"]

1. d4 Nf6 2. c4 c6 3. Nc3 d5 4. cxd5 cxd5 5. Bf4 Nc6 6. e3 Bf5 7. Bd3 Bxd3 8.
Qxd3 e6 9. Rc1 Bb4 10. Nge2 O-O 11. O-O Rc8 12. a3 Bd6 13. Nb5 Bxf4 14. Nxf4
Qb6 15. Qe2 a6 16. Nc3 Rc7 17. Na4 Qa7 18. Nd3 b6 19. b4 Rfc8 20. f3 Nd7 21.
Qb2 f6 22. Nf4 Re8 23. Rf2 Qb7 24. Rfc2 Ndb8 25. b5 axb5 26. Qxb5 e5 27. Nxd5
Rcc8 28. Qxb6 Qd7 29. Qb3 Na5 30. Nxf6+ Kh8 31. Nxd7 Nxb3 32. Rxc8 Rg8 33.
Rxg8+ Kxg8 34. Rc8+ 1-0

[Event "Lichtenberger Sommer 2018"]
[Site "?"]
[Date "2018.08.20"]
[Round "3.107"]
[White "Zoller, Julia"]
[Black "Lange, Malina"]
[Result "0-1"]
[WhiteElo "854"]
[BlackElo "1488"]
[PlyCount "38"]
[EventDate "2018.??.??"]
[WhiteTeam "SC Friesen Lichtenberg"]
[BlackTeam "SV Mattnetz Berlin"]

1. e4 e5 2. Nf3 Nc6 3. Bc4 Bc5 4. d3 Nf6 5. O-O d6 6. Ng5 O-O 7. Nxf7 Rxf7 8.
Bxf7+ Kxf7 9. Qf3 Bg4 10. Qg3 Nd4 11. Nc3 Bb4 12. f3 Bxc3 13. fxg4 Ne2+ 14. Kf2
Nxg3 15. Kxg3 Bd4 16. g5 Qg8 17. gxf6 gxf6+ 18. Kf3 h5 19. c3 Qg4# 0-1

[Event "Lichtenberger Sommer 2018"]
[Site "?"]
[Date "2018.08.21"]
[Round "4.2"]
[White "Berger, Steve"]
[Black "Kapp, Martin"]
[Result "1-0"]
[WhiteElo "2428"]
[BlackElo "2233"]
[PlyCount "73"]
[EventDate "2018.??.??"]
[WhiteTeam "SK König Tegel"]
[BlackTeam "SV Erzgebirge Stollberg"]

1. e4 e6 2. d4 d5 3. Nc3 Bb4 4. e5 c5 5. a3 Bxc3+ 6. bxc3 Ne7 7. Qg4 O-O 8. Bd3
Qa5 9. Bd2 Nbc6 10. Nf3 f5 11. exf6 Rxf6 12. Qh5 Nf5 13. c4 Qa4 14. g4 dxc4 15.
Be4 Ncxd4 16. gxf5 Nxf3+ 17. Qxf3 exf5 18. Bd5+ Be6 19. Bc3 Rd8 20. Bxf6 Bxd5
21. Qg3 Re8+ 22. Kf1 Qd7 23. Rg1 g6 24. Re1 c3 25. Qd3 Re6 26. Bxc3 b5 27. Qg3
b4 28. Qb8+ Kf7 29. Rxe6 Bxe6 30. Be1 b3 31. Qh8 Qd1 32. Qxh7+ Kf8 33. Rxg6
bxc2 34. Rf6+ Ke8 35. Rxe6+ Kd8 36. Qe7+ Kc8 37. Rc6+ 1-0

[Event "Lichtenberger Sommer 2018"]
[Site "?"]
[Date "2018.08.21"]
[Round "4.3"]
[White "Kohler, Thomas"]
[Black "Ahmadinia, Ebrahim"]
[Result "0-1"]
[WhiteElo "2161"]
[BlackElo "2418"]
[PlyCount "48"]
[EventDate "2018.??.??"]
[WhiteTeam "SC Zitadelle Spandau"]
[BlackTeam "SF 1903 Berlin"]

1. Nf3 g6 2. d4 Bg7 3. g3 Nf6 4. Bg2 O-O 5. O-O d6 6. Nc3 Nbd7 7. a4 c5 8. d5
b6 9. Re1 a6 10. e4 Qc7 11. Nd2 Rb8 12. Bf1 Ne8 13. Nc4 Ne5 14. Ne3 Kh8 15. f4
Nd7 16. Nc4 b5 17. axb5 axb5 18. Nd2 c4 19. Nf3 Nc5 20. Nd4 Bd7 21. Bg2 e5 22.
dxe6 fxe6 23. Be3 b4 24. Nce2 Nf6 0-1

[Event "Lichtenberger Sommer 2018"]
[Site "?"]
[Date "2018.08.21"]
[Round "4.4"]
[White "McGowan, Daniel"]
[Black "Figura, Atila Gajo"]
[Result "1/2-1/2"]
[WhiteElo "2139"]
[BlackElo "2389"]
[PlyCount "149"]
[EventDate "2018.??.??"]
[WhiteTeam "SF 1903 Berlin"]
[BlackTeam "SK Zehlendorf"]

1. e4 c5 2. Nf3 e6 3. b3 b6 4. Bb2 Bb7 5. Nc3 Nc6 6. Be2 Nf6 7. O-O Be7 8. d4
cxd4 9. Nxd4 Qb8 10. Nxc6 Bxc6 11. Bd3 b5 12. Qf3 Bd6 13. h3 Be5 14. Rfe1 O-O
15. Rab1 b4 16. Nd1 Bxb2 17. Nxb2 d5 18. exd5 Bxd5 19. Qe3 Qb7 20. f3 Qc7 21.
Nc4 Bb7 22. a3 Nd5 23. Qf2 a5 24. axb4 axb4 25. Ra1 Nf4 26. Bf1 Qe7 27. Rxa8
Rxa8 28. Qd4 Qh4 29. Qf2 Qg5 30. Kh2 h5 31. Qg3 Qf6 32. Ne5 h4 33. Qg4 Rc8 34.
Nd3 Ng6 35. Qxb4 Bc6 36. Qd2 e5 37. Nf2 Rd8 38. Qe3 Qd6 39. Rd1 Qc7 40. Rxd8+
Qxd8 41. Bd3 Qd6 42. Bxg6 Qxg6 43. c4 Qd6 44. Ne4 Qb8 45. Qd3 Bxe4 46. fxe4 f5
47. Qd5+ Kh8 48. c5 fxe4 49. Qxe4 Qxb3 50. Qxe5 Qc4 51. Qd6 Kh7 52. c6 Qe4 53.
c7 Qc4 54. Qe5 Kh6 55. Qd6+ Kh7 56. Kg1 Qc2 57. Qd8 Qc1+ 58. Kf2 Qf4+ 59. Ke2
Qe4+ 60. Kd1 Qb1+ 61. Kd2 Qb2+ 62. Kd3 Qb1+ 63. Kd4 Qb2+ 64. Kc5 Qc2+ 65. Kd6
Qg6+ 66. Kd7 Qf5+ 67. Kc6 Qc2+ 68. Kb6 Qb3+ 69. Ka7 Qa4+ 70. Kb8 Qb5+ 71. Kc8
Qa6+ 72. Kd7 Qd3+ 73. Ke8 Qg6+ 74. Kd7 Qd3+ 75. Ke8 1/2-1/2

[Event "Lichtenberger Sommer 2018"]
[Site "?"]
[Date "2018.08.21"]
[Round "4.5"]
[White "Florstedt, Johannes"]
[Black "Poseck, Steffen"]
[Result "1-0"]
[WhiteElo "2306"]
[BlackElo "2052"]
[PlyCount "83"]
[EventDate "2018.??.??"]
[WhiteTeam "SF 1903 Berlin"]
[BlackTeam "BSV 63 Chemie Weißensee"]

1. e4 Nf6 2. e5 Nd5 3. d4 d6 4. Nf3 dxe5 5. Nxe5 e6 6. Be2 Nd7 7. Nf3 Rb8 8. c4
Bb4+ 9. Kf1 N5f6 10. c5 c6 11. Bf4 Ra8 12. a3 Ba5 13. Nbd2 Bc7 14. Bxc7 Qxc7
15. Nc4 O-O 16. g3 b6 17. b4 Ba6 18. Kg2 Bxc4 19. Bxc4 Nd5 20. Bxd5 exd5 21.
Re1 Rfe8 22. Rc1 Rxe1 23. Qxe1 Kf8 24. cxb6 axb6 25. Qc3 Rc8 26. Qd3 g6 27. b5
Qd6 28. Qc3 f6 29. bxc6 Nb8 30. c7 Na6 31. Qc6 Qxc6 32. Rxc6 Ke7 33. Rxb6 Nxc7
34. Rc6 Kd7 35. Rxf6 Nb5 36. Rf7+ Ke6 37. Ng5+ Kd6 38. Rxh7 Nxd4 39. Rg7 Nc2
40. Rxg6+ Ke5 41. Nf3+ Ke4 42. Re6+ 1-0

[Event "Lichtenberger Sommer 2018"]
[Site "?"]
[Date "2018.08.21"]
[Round "4.7"]
[White "Gullaksen, Eirik"]
[Black "Albrecht, Rainer"]
[Result "1/2-1/2"]
[WhiteElo "2357"]
[BlackElo "2083"]
[PlyCount "83"]
[EventDate "2018.??.??"]
[WhiteTeam "Bergens Schakklub"]
[BlackTeam "SC Kreuzberg"]

1. e4 d5 2. exd5 Qxd5 3. Nc3 Qd8 4. d4 Nf6 5. Bc4 a6 6. Nf3 b5 7. Bb3 c5 8.
dxc5 Qxd1+ 9. Nxd1 e6 10. O-O Bb7 11. Ne5 Nfd7 12. Nd3 Nxc5 13. Nxc5 Bxc5 14.
Be3 Nd7 15. c4 Bxe3 16. Nxe3 Nc5 17. Bc2 b4 18. Rfd1 Ke7 19. Kf1 g6 20. f3 Rhd8
21. Rxd8 Rxd8 22. b3 a5 23. a3 Bc6 24. axb4 axb4 25. Ra7+ Rd7 26. Ra5 Nxb3 27.
Bxb3 Rd3 28. Ba4 Bxa4 29. Rxa4 Rxe3 30. Rxb4 Rc3 31. Rb7+ Kf6 32. Rc7 e5 33.
Kf2 Ke6 34. h4 Rc2+ 35. Kg3 f5 36. c5 Kd5 37. Rd7+ Ke6 38. Rc7 Kd5 39. Rxh7
Rxc5 40. h5 gxh5 41. Rxh5 f4+ 42. Kg4 1/2-1/2

[Event "Lichtenberger Sommer 2018"]
[Site "?"]
[Date "2018.08.21"]
[Round "4.8"]
[White "Niehaus, Frank"]
[Black "Petersen, Soren Boeck"]
[Result "1/2-1/2"]
[WhiteElo "2191"]
[BlackElo "2212"]
[PlyCount "37"]
[EventDate "2018.??.??"]
[WhiteTeam "SK König Tegel"]
[BlackTeam "Damhus Skakklub"]

1. e4 e6 2. d4 d5 3. exd5 exd5 4. c4 Nf6 5. Nc3 Be7 6. Nf3 O-O 7. Be2 dxc4 8.
Bxc4 Nbd7 9. O-O Nb6 10. Bb3 Nbd5 11. Re1 c6 12. Bg5 Be6 13. Ne5 Re8 14. Qf3
Qd6 15. Rad1 Nxc3 16. bxc3 Bd5 17. Qd3 Bxb3 18. axb3 Nd5 19. Bxe7 1/2-1/2

[Event "Lichtenberger Sommer 2018"]
[Site "?"]
[Date "2018.08.21"]
[Round "4.9"]
[White "Boetzer, Detlef"]
[Black "Schliebener, Stephan"]
[Result "1/2-1/2"]
[WhiteElo "2218"]
[BlackElo "2131"]
[PlyCount "54"]
[EventDate "2018.??.??"]
[WhiteTeam "SC Rotation Pankow"]
[BlackTeam "BSV 63 Chemie Weißensee"]

1. Nf3 e6 2. e4 c5 3. g3 Nc6 4. Bg2 Nf6 5. Nc3 d6 6. d4 cxd4 7. Nxd4 Be7 8. O-O
O-O 9. Nb3 Bd7 10. f4 a6 11. Be3 b5 12. a3 Rc8 13. g4 Ne8 14. Kh1 Bf6 15. g5
Bxc3 16. bxc3 f6 17. h4 Na5 18. Nxa5 Qxa5 19. Bd2 Rc4 20. Qg4 Nc7 21. h5 f5 22.
exf5 exf5 23. Qe2 Re8 24. Qd3 Qb6 25. Rae1 Qc5 26. h6 gxh6 27. gxh6 Ne6 1/2-1/2

[Event "Lichtenberger Sommer 2018"]
[Site "?"]
[Date "2018.08.21"]
[Round "4.10"]
[White "Heuser, Philip"]
[Black "Polatel, Ali"]
[Result "0-1"]
[WhiteElo "2049"]
[BlackElo "2230"]
[PlyCount "104"]
[EventDate "2018.??.??"]
[WhiteTeam "Münchener SC"]
[BlackTeam "SC Zugzwang 95 (Berlin)"]

1. d4 d5 2. c4 c6 3. Nc3 Nf6 4. Nf3 a6 5. a4 e6 6. Bg5 Nbd7 7. e3 Qa5 8. Nd2
Bb4 9. Qc2 dxc4 10. Bxf6 Nxf6 11. Nxc4 Qc7 12. Be2 b5 13. Ne5 Bb7 14. O-O O-O
15. Bf3 Bd6 16. axb5 cxb5 17. Bxb7 Qxb7 18. Nd3 Qc7 19. Rfc1 Bxh2+ 20. Kh1 Bd6
21. Ne4 Nxe4 22. Qxc7 Bxc7 23. Rxc7 a5 24. Kg1 a4 25. Rac1 Nd6 26. R1c6 Nc4 27.
Kh2 g6 28. Kg3 h6 29. Re7 Nxb2 30. Nxb2 a3 31. Rc1 axb2 32. Rb1 b4 33. Rxb2
Rfb8 34. Rc2 Rc8 35. Rxc8+ Rxc8 36. Rb7 Rc4 37. Kf3 Kg7 38. Kg3 Kf6 39. Kf3 h5
40. g3 g5 41. Rb5 Kg6 42. Rb7 g4+ 43. Kg2 f5 44. Re7 Kf6 45. Rb7 f4 46. gxf4 h4
47. Rb5 h3+ 48. Kg3 Rc1 49. Kh2 Rf1 50. Rxb4 Rxf2+ 51. Kg1 g3 52. Rb1 Re2 0-1

[Event "Lichtenberger Sommer 2018"]
[Site "?"]
[Date "2018.08.21"]
[Round "4.11"]
[White "Sieglen, Joachim"]
[Black "Rohde, Wolfgang"]
[Result "1-0"]
[WhiteElo "2196"]
[BlackElo "2085"]
[PlyCount "85"]
[EventDate "2018.??.??"]
[WhiteTeam "SC Untergrombach"]
[BlackTeam "SC Friesen Lichtenberg"]

1. d4 Nf6 2. c4 c5 3. d5 b5 4. cxb5 a6 5. bxa6 g6 6. Nc3 Bxa6 7. e4 Bxf1 8.
Kxf1 d6 9. Nf3 Bg7 10. g3 O-O 11. Kg2 Nbd7 12. a4 Qb6 13. Qe2 Qa6 14. Nb5 Rfb8
15. Ra3 Nb6 16. b3 Qb7 17. Rd1 Ne8 18. Nd2 Nc7 19. Nxc7 Qxc7 20. a5 Nd7 21. Nc4
Qb7 22. Bb2 Bxb2 23. Qxb2 Qb4 24. Qc2 Ne5 25. Rda1 Nxc4 26. bxc4 Qb2 27. Qxb2
Rxb2 28. R1a2 Rb4 29. Ra4 Kg7 30. Rxb4 cxb4 31. Rb2 Rxa5 32. Rxb4 Kf6 33. f4 g5
34. Rb2 Ra3 35. Rb6 gxf4 36. gxf4 Rc3 37. Rc6 Re3 38. e5+ Kf5 39. exd6 exd6 40.
Rxd6 Kxf4 41. Rf6+ Kg4 42. Rxf7 h5 43. d6 1-0

[Event "Lichtenberger Sommer 2018"]
[Site "?"]
[Date "2018.08.21"]
[Round "4.12"]
[White "Nohr, Jonas"]
[Black "Kunz, Andre"]
[Result "1-0"]
[WhiteElo "2100"]
[BlackElo "2159"]
[PlyCount "75"]
[EventDate "2018.??.??"]
[WhiteTeam "Königsjäger Süd-West"]
[BlackTeam "BSV 63 Chemie Weißensee"]

1. d4 d5 2. Nf3 Nf6 3. c4 dxc4 4. e3 Bg4 5. Bxc4 e6 6. Nc3 a6 7. h3 Bh5 8. a4
Nc6 9. O-O Bd6 10. Be2 O-O 11. b3 Qe7 12. Bb2 Rad8 13. Nd2 Bg6 14. Nc4 Nb4 15.
Nxd6 Qxd6 16. Ba3 c5 17. Na2 a5 18. Nxb4 cxb4 19. Bb2 Rc8 20. Bc4 Rc7 21. Qe2
Nd5 22. Rac1 Rfc8 23. Rfd1 h6 24. e4 Nb6 25. d5 exd5 26. exd5 Re7 27. Qd2 Nd7
28. Qd4 f6 29. Re1 Rce8 30. Re6 Qb8 31. Rxe7 Rxe7 32. d6+ Rf7 33. Qg4 Nf8 34.
Bxf7+ Kxf7 35. Rc7+ Kg8 36. Qc4+ Kh8 37. d7 Qd8 38. Rc8 1-0

[Event "Lichtenberger Sommer 2018"]
[Site "?"]
[Date "2018.08.21"]
[Round "4.13"]
[White "Hesse, Henrik"]
[Black "Seitz, Patrick"]
[Result "1-0"]
[WhiteElo "2137"]
[BlackElo "1998"]
[PlyCount "69"]
[EventDate "2018.??.??"]
[WhiteTeam "SV Mattnetz Berlin"]
[BlackTeam "SC Böblingen"]

1. c4 c5 2. Nf3 Nf6 3. g3 b6 4. Bg2 Bb7 5. Nc3 g6 6. O-O Bg7 7. d4 cxd4 8. Nxd4
Bxg2 9. Kxg2 O-O 10. e4 Nc6 11. Be3 Ng4 12. Qxg4 Nxd4 13. Qd1 Nc6 14. Qd2 Ne5
15. b3 Ng4 16. Bd4 e5 17. Be3 Nxe3+ 18. Qxe3 f5 19. f3 h5 20. Rad1 Rf7 21. Rd6
f4 22. Qd2 Bf8 23. Rd5 Qe7 24. Rd1 Rd8 25. Nb5 fxg3 26. hxg3 Qf6 27. Qd3 d6 28.
Qe3 a6 29. Nc3 Bh6 30. Qxh6 Qxf3+ 31. Kh2 Qg4 32. R5d3 Rdf8 33. Nd5 Rh7 34. Qe3
h4 35. Kg2 1-0

[Event "Lichtenberger Sommer 2018"]
[Site "?"]
[Date "2018.08.21"]
[Round "4.14"]
[White "Heerde, Thomas"]
[Black "Wierzbicki, Jirawat"]
[Result "0-1"]
[WhiteElo "2005"]
[BlackElo "2187"]
[PlyCount "64"]
[EventDate "2018.??.??"]
[WhiteTeam "SK Zehlendorf"]
[BlackTeam "SK König Tegel"]

1. e4 e5 2. Nf3 Nc6 3. Bc4 Nf6 4. Ng5 d5 5. exd5 Na5 6. Bb5+ c6 7. dxc6 bxc6 8.
Qf3 Be7 9. Bxc6+ Nxc6 10. Qxc6+ Bd7 11. Qf3 O-O 12. Nc3 Rc8 13. d3 Bc6 14. Qh3
h6 15. Nf3 e4 16. dxe4 Nxe4 17. Nxe4 Bxe4 18. O-O Bxc2 19. Ne5 Qd4 20. Qg3 Bd6
21. Nf3 Qf6 22. Qg4 Bd3 23. Re1 Bc5 24. Qf4 Qb6 25. Ne5 Bb5 26. a4 Bc6 27. Nxc6
Rxc6 28. a5 Qb7 29. Qe4 Re6 30. Ra4 Rxe4 31. Raxe4 Rd8 32. h3 Bb4 0-1

[Event "Lichtenberger Sommer 2018"]
[Site "?"]
[Date "2018.08.21"]
[Round "4.15"]
[White "Möller, Dustin"]
[Black "Fock, Amina"]
[Result "1-0"]
[WhiteElo "2149"]
[BlackElo "1824"]
[PlyCount "109"]
[EventDate "2018.??.??"]
[WhiteTeam "Eckernförder SC"]
[BlackTeam "SC Zugzwang 95 (Berlin)"]

1. d4 f5 2. g3 Nf6 3. Bg2 g6 4. Nh3 Bg7 5. c3 c6 6. Nf4 d6 7. Qb3 Qb6 8. Qc4 d5
9. Qd3 Ne4 10. f3 Nd6 11. b3 Nf7 12. Be3 e5 13. dxe5 Nxe5 14. Qd2 Qd8 15. Na3
Na6 16. Nc2 Nc7 17. O-O O-O 18. Rad1 Be6 19. Nxe6 Nxe6 20. Nd4 Nxd4 21. Bxd4
Qe7 22. Qe3 Rfe8 23. Qf2 b6 24. Kh1 Rad8 25. Rfe1 c5 26. Be3 Nc6 27. Bd2 d4 28.
c4 Ne5 29. h3 Rd6 30. f4 Nd7 31. e4 dxe3 32. Rxe3 Rxd2 33. Rxd2 Qxe3 34. Qxe3
Rxe3 35. Rxd7 Rxg3 36. Bd5+ Kf8 37. Rf7+ Kg8 38. Rxa7+ Kf8 39. Rf7+ Kg8 40.
Rf6+ Kh8 41. Rxb6 Bd4 42. Kh2 Rd3 43. a4 Be3 44. a5 Bxf4+ 45. Kg2 Rg3+ 46. Kf2
Re3 47. a6 Re7 48. Bb7 Bb8 49. Rc6 Re8 50. Kf3 Ba7 51. Rc7 Rb8 52. Kf4 Ra8 53.
Bxa8 Bb8 54. Ke5 Bxc7+ 55. Kd5 1-0

[Event "Lichtenberger Sommer 2018"]
[Site "?"]
[Date "2018.08.21"]
[Round "4.17"]
[White "Teh, Eu Wen Aron"]
[Black "Tschernatsch, Johannes"]
[Result "1-0"]
[WhiteElo "2286"]
[BlackElo "1714"]
[PlyCount "83"]
[EventDate "2018.??.??"]
[WhiteTeam "Imperial College Chess Club"]
[BlackTeam "USV Potsdam"]

1. d4 Nf6 2. c4 g6 3. Nc3 Bg7 4. e4 d6 5. Be2 O-O 6. Bg5 Nbd7 7. Qd2 c6 8. f3
e5 9. d5 Qc7 10. Nh3 cxd5 11. cxd5 a6 12. Nf2 b5 13. O-O Nb6 14. b3 Bd7 15.
Rfc1 Qb7 16. Ncd1 Rfc8 17. Qa5 Rxc1 18. Rxc1 Rc8 19. Nd3 Rxc1 20. Bxc1 Bc8 21.
Nb4 Nfd7 22. Nc6 Nc5 23. Qc3 f5 24. Qc2 fxe4 25. fxe4 Qf7 26. Be3 Qf8 27. Nf2
Bd7 28. a4 Bh6 29. Bxh6 Qxh6 30. axb5 Qe3 31. b4 Nb3 32. bxa6 Bxc6 33. dxc6 Nd4
34. Qa2+ Kg7 35. Bf1 Nxc6 36. a7 Na8 37. Qd5 Qb6 38. b5 Nxa7 39. Qxa8 Nxb5 40.
Bxb5 Qxb5 41. Qd5 Qe2 42. g3 1-0

[Event "Lichtenberger Sommer 2018"]
[Site "?"]
[Date "2018.08.21"]
[Round "4.18"]
[White "Lampe, Dirk"]
[Black "Heppert, Lars"]
[Result "1/2-1/2"]
[WhiteElo "2188"]
[BlackElo "1925"]
[PlyCount "72"]
[EventDate "2018.??.??"]
[WhiteTeam "Lübecker SV"]
[BlackTeam "SK Neuburg"]

1. e4 c5 2. Nf3 g6 3. d4 cxd4 4. Nxd4 Nc6 5. c4 Bg7 6. Be3 Nf6 7. Nc3 d6 8. Be2
Bd7 9. O-O O-O 10. Qd2 Nxd4 11. Bxd4 Bc6 12. f3 Nd7 13. Be3 a5 14. b3 Nc5 15.
Rfc1 Be5 16. Rc2 e6 17. Bg5 f6 18. Bh4 g5 19. Bg3 Bxg3 20. hxg3 Qe7 21. Nd1 f5
22. exf5 exf5 23. Ne3 Qe5 24. Rd1 Rae8 25. Nf1 Rf6 26. Qxg5+ Rg6 27. Qd2 Qg7
28. Qd4 Qf7 29. Rcd2 Re5 30. Bd3 Nxd3 31. Rxd3 f4 32. Qxf4 Qxf4 33. gxf4 Re2
34. g4 Rxg4+ 35. fxg4 Rg2+ 36. Kh1 Rd2+ 1/2-1/2

[Event "Lichtenberger Sommer 2018"]
[Site "?"]
[Date "2018.08.21"]
[Round "4.19"]
[White "Moser, Axel"]
[Black "Bartoszewski-Reiski, Olaf"]
[Result "1-0"]
[WhiteElo "2144"]
[BlackElo "1873"]
[PlyCount "97"]
[EventDate "2018.??.??"]
[WhiteTeam "SC Kreuzberg"]
[BlackTeam "Korona Gdansk"]

1. d4 Nf6 2. Nf3 c5 3. d5 e6 4. Nc3 g6 5. e4 d6 6. Bg5 Bg7 7. Bb5+ Bd7 8. dxe6
Bxb5 9. exf7+ Kf8 10. Nxb5 Qa5+ 11. Qd2 Qxd2+ 12. Nxd2 Nc6 13. Nxd6 Rd8 14.
Nxb7 Rb8 15. Nxc5 Rxb2 16. O-O Kxf7 17. Rab1 Rhb8 18. Rxb2 Rxb2 19. Rb1 Rxa2
20. Rb7+ Kg8 21. h3 Nh5 22. g4 Nf6 23. c3 Ne8 24. Rb3 a5 25. Nc4 Rc2 26. Na4
Nf6 27. Bxf6 Bxf6 28. Rb6 Ne5 29. Nxe5 Bxe5 30. Rb5 Ra2 31. Rxe5 Rxa4 32. Re7
Rc4 33. Ra7 Rxc3 34. Rxa5 Rc4 35. e5 Re4 36. Kg2 Kf7 37. Kf3 Re1 38. Ra7+ Ke6
39. Rxh7 Rxe5 40. h4 Kf6 41. Ra7 Re1 42. Ra6+ Kg7 43. Kf4 Rb1 44. Ra7+ Kf6 45.
g5+ Ke6 46. Rg7 Rb4+ 47. Kg3 Rb3+ 48. f3 Kf5 49. Rf7+ 1-0

[Event "Lichtenberger Sommer 2018"]
[Site "?"]
[Date "2018.08.21"]
[Round "4.20"]
[White "Grassi, Fabrizio"]
[Black "Hamann, Carsten"]
[Result "0-1"]
[WhiteElo "1896"]
[BlackElo "2141"]
[PlyCount "112"]
[EventDate "2018.??.??"]
[WhiteTeam "SV Berlin-Friedrichstadt"]
[BlackTeam "Preetzer TSV"]

1. d4 Nf6 2. Bf4 g6 3. Nf3 Bg7 4. e3 c5 5. c3 Qb6 6. Qb3 Qxb3 7. axb3 cxd4 8.
Nxd4 Nc6 9. Nb5 Nd5 10. Bg3 O-O 11. Bc4 Nf6 12. Nc7 Rb8 13. Nd5 e5 14. Nxf6+
Bxf6 15. e4 b5 16. Bd5 a6 17. Nd2 Ne7 18. Nf3 Nxd5 19. exd5 d6 20. O-O Bb7 21.
Rfd1 Bd8 22. b4 h6 23. Nd2 f5 24. f3 Bxd5 25. Rxa6 Rb6 26. Ra7 Rb7 27. Rxb7
Bxb7 28. Nb3 Be7 29. Bf2 Ra8 30. Ra1 Rxa1+ 31. Nxa1 Bd5 32. Nc2 Bc6 33. h4 Kf7
34. Be3 f4 35. Bf2 Ke6 36. Kf1 Bd8 37. Na3 d5 38. Nc2 h5 39. Ke2 Bd7 40. Kd3
Kd6 41. g3 g5 42. gxf4 gxf4 43. Kd2 Bf5 44. Ne1 Bh3 45. Nd3 Bf6 46. Ke2 Kc6 47.
Nc5 Bf5 48. Nd3 Kd6 49. Bc5+ Ke6 50. Bf2 Bxd3+ 51. Kxd3 Kf5 52. Be1 e4+ 53. Ke2
d4 54. fxe4+ Kxe4 55. cxd4 Bxd4 56. Bc3 f3+ 0-1

[Event "Lichtenberger Sommer 2018"]
[Site "?"]
[Date "2018.08.21"]
[Round "4.21"]
[White "Barskij, Aleksandr"]
[Black "Albert, Jörg"]
[Result "1/2-1/2"]
[WhiteElo "1890"]
[BlackElo "2141"]
[PlyCount "29"]
[EventDate "2018.??.??"]
[WhiteTeam "SV Unna"]
[BlackTeam "SV Eiche Reichenbrand"]

1. e4 c6 2. d4 d5 3. Nc3 dxe4 4. Nxe4 Nf6 5. Nxf6+ exf6 6. c3 Bd6 7. Bd3 Be6 8.
Nf3 Nd7 9. O-O Qc7 10. Re1 O-O 11. Qc2 g6 12. Bxg6 hxg6 13. Rxe6 fxe6 14. Qxg6+
Kh8 15. Qh6+ 1/2-1/2